Central Library and Information Centre
Sibsagar Girls' College, Sivasagar : Assam

GENERAL ENGLISH MAIN EXAMINATION 2014-15 (Record no. 20752)

MARC details
000 -LEADER
fixed length control field 00388cam a2200169ua 4500
008 - FIXED-LENGTH DATA ELEMENTS--GENERAL INFORMATION
fixed length control field 040101n II |||gr||||Z||||||eng
040 ## - CATALOGING SOURCE
Original cataloging agency MAIN
041 ## - LANGUAGE CODE
-- English
082 ## - DEWEY DECIMAL CLASSIFICATION NUMBER
Classification number 001.076 DOW
100 ## - MAIN ENTRY--PERSONAL NAME
Personal name DOWERAH,S.
245 ## - TITLE STATEMENT
Title GENERAL ENGLISH MAIN EXAMINATION 2014-15
260 ## - PUBLICATION, DISTRIBUTION, ETC.
Place of publication, distribution, etc. [s.l]:
Name of publisher, distributor, etc. NEW
300 ## - PHYSICAL DESCRIPTION
Extent 663.
942 ## - ADDED ENTRY ELEMENTS (KOHA)
Koha item type Books
653 ## - INDEX TERM--UNCONTROLLED
Uncontrolled term Examination Guide Book
Holdings
Withdrawn status Lost status Damaged status Not for loan Collection code Home library Current library Shelving location Date acquired Total Checkouts Full call number Barcode Date last seen Date last checked out Copy number Price effective from Koha item type Public note
        General Reference Central Library and Information Centre Sibsagar Girls College Central Library and Information Centre Sibsagar Girls College Competitive Exam Book 13.02.2015 2 001.076 DOW 31988 04.10.2023 20.09.2023 1 27.02.2020 Books V


Sibsagar Girl's College © 2020. All rights reserved.
Powered by Koha.
Maintained by Abhijit Borpuzari.